Puranic Encyclopaedia (Record no. 6427)

MARC details
000 -LEADER
fixed length control field 00638nam a2200241 a 4500
020 ## - INTERNATIONAL STANDARD BOOK NUMBER
ISBN
082 00 - DEWEY DECIMAL CLASSIFICATION NUMBER
Classification number 294.59203
Author Cutter MAN
100 ## - MAIN ENTRY--AUTHOR NAME
Author name Mani, Vettam
245 ## - TITLE STATEMENT
Title Puranic Encyclopaedia
Sub title Comprehensive Dictionary With Special Ref.To the Epi
260 ## - PUBLICATION, DISTRIBUTION, ETC. (IMPRINT)
Place of publication Delhi
Name of publisher Motilal Banarsidass
Year of publication 1984
300 ## - PHYSICAL DESCRIPTION
Number of Pages 920p
500 ## - GENERAL NOTE
General note includes index and biblioraphy
505 2# - FORMATTED CONTENTS NOTE
Formatted contents note Index, Addenda
650 ## - SUBJECT ADDED ENTRY--TOPICAL TERM
Topical Term Hinduism-Encyclopaedia
942 ## - ADDED ENTRY ELEMENTS (KOHA)
Koha item type Books
700 1# -
-- Mani, Vettam
Holdings
Collection code Home library Current library Date acquired Cost, normal purchase price Full call number Accession Number Koha item type
  Henry Martyn Institute Library Henry Martyn Institute Library 07/25/2007 400.00 294.59203 MAN 012566 Books
                   Copyright © 2026 | Henry Martyn Institute | Hyderabad | TS-500052 | INDIA | Implemented by hmi.edu.in
Hit-Count:

Powered by Koha